000
00332nam a22001337a 4500
020
_a
978-8123903019
041
_a
ENG
100
_a
Chandra.R
245
_a
Rubber & Piastic Waste Recycling Reuse And Future Demand
260
_a
India
_b
CBS Pub
_c
1999
300
_a
172
650
_a
Competitive Exam
856
_u
Competitive Exam
999
_c
683
_d
683